| 000 | 00493nam a22001817a 4500 | ||
|---|---|---|---|
| 008 | 230111b |||||||| |||| 00| 0 eng d | ||
| 020 | _a0134893754 | ||
| 050 |
_aLB 1060 _b.S37 2020 |
||
| 100 | _aSchunk, Dale H. | ||
| 245 |
_aLearning theories: _bAn educational perspective/ by _c Dale H. Schunk |
||
| 250 | _a8th ed. | ||
| 260 |
_aNew York _bPearson _c2020 |
||
| 300 | _axii, 592p. | ||
| 650 | _aLearning | ||
| 650 | _aCognition | ||
| 650 |
_aLearning _vPsychology of. |
||
| 942 |
_2lcc _cBK |
||
| 999 |
_c19824 _d19823 |
||